THE WILLS EYE MANUAL (Record no. 14560)

MARC details
000 -LEADER
fixed length control field 00302nam a22001457a 4500
003 - CONTROL NUMBER IDENTIFIER
control field SGT
082 ## - DEWEY DECIMAL CLASSIFICATION NUMBER
Classification number 617.7
Item number W17B
100 ## - MAIN ENTRY--PERSONAL NAME
Personal name BAGHERI, NIKA
245 ## - TITLE STATEMENT
Title THE WILLS EYE MANUAL
250 ## - EDITION STATEMENT
Edition statement 7TH
260 ## - PUBLICATION, DISTRIBUTION, ETC. (IMPRINT)
Place of publication, distribution, etc INDIA
Name of publisher, distributor, etc WOLTERS
Year of Publication 2017
300 ## - PAGE DESCRIPTION
No. of Pages 446
650 ## - SUBJECT ADDED ENTRY--TOPICAL TERM
Topical term or geographic name as entry element OPHTHALMOLOGY
942 ## - ADDED ENTRY ELEMENTS (KOHA)
Source of classification or shelving scheme Dewey Decimal Classification
Koha item type Books
Holdings
Withdrawn status Lost status Source of classification or shelving scheme Damaged status Not for loan Collection code Home library Current library Shelving location Date acquired Vendor Name SGTU Bill Number Total Checkouts Full call number Accession No. (Barcode) Date last seen Date last borrowed Bill Date Koha item type
    Dewey Decimal Classification     MEDICAL SGT Medical Library SGT Medical Library Reference Book 17/01/2018 ABC SGTU 8707 1 617.7 W17B FM9368 03/08/2021 13/07/2021 08/07/2017 Books
    Dewey Decimal Classification   Not For Loan MEDICAL SGT Medical Library SGT Medical Library Reference Book 17/01/2018 ABC SGTU 8707 2 617.7 W17B FM9369 17/10/2019 09/10/2019 08/07/2017 Books